Geopolt̕ica y nuevos actores de la integracin̤ Latinoamericana

Bibliographic Details
Main Author: Vieira Posada, Edgar
Other Authors: Ardila, Martha
Format: eBook
Language:Spanish
Published: Bogot:̀ Ediciones Universidad Cooperativa de Colombia, 2019
Subjects:
Online Access:Acceso restringido

MARC

LEADER 00000nam a22000007a 4500
005 20200421145410.0
007 cr|||| ||||
008 200421s2019 co |||||s|||| 00||0 spa d
020 |a 978-958-760-199-2 
035 |a 31335 
040 |a vLex 
090 |c 10305  |d 10305 
100 1 |a Vieira Posada, Edgar 
245 1 0 |a Geopolt̕ica y nuevos actores de la integracin̤ Latinoamericana  |h [Recurso electrn̤ico] /  |c Edgar Vieira Posada, Martha Ardila 
256 |a Servicio en ln̕ea 
260 |a Bogot:̀  |b Ediciones Universidad Cooperativa de Colombia,  |c 2019 
300 |a 1 recurso electrn̤ico 
500 |a Podemos diferenciar diversas Amřicas Latinas con vulnerabilidades, sensibilidades y desarrollos muy variados. En ellas, el Estado y otros actores no gubernamentales interacta︢n dependiendo de la apertura del rǧimen polt̕ico, as ̕como de las ľites econm̤icas y polt̕icas. Pas̕es como Estados Unidos, que han ejercido una hegemona̕ unipolar en la regin̤, atraviesan un debilitamiento y comienzan a ser reemplazados por otros como China o la Unin̤ Europea. Los liderazgos, tanto externos como los de la propia regin̤, empiezan a ser cuestionados; y nuevos candidatos quieren entrar en la contienda, como Venezuela y Colombia, aunque tienden a estar aislados del escenario regional e internacional. Durante los l︢timos dos aǫs se han llevado a cabo elecciones presidenciales, regionales y locales, las cuales tambiň alteran, directa o indirectamente, los procesos de integracin̤. La Ola Rosa fue reemplazada por gobiernos de corte neoliberal e incluso se habla de una “derechizacin̤” de Amřica Latina. Este cambio marca nuevas tendencias integracionistas y fragmentadoras, y el dilema de si se privilegia lo multilateral o lo bilateral. Adems̀, el papel del Estado soberano y de su misma autonoma̕, es cuestionado; surgen nuevos actores que desarrollan su propia polt̕ica exterior, muchas veces sin tener en cuenta las estructuras estatales. Esta diplomacia paralela incide en organismos regionales y puede ser tal su poder, que desarrollan acciones internacionales. En esta compilacin̤ (hecha por el Grupo de Reflexin̤ sobre Integracin̤ de Amřica Latina) analizamos aspectos generales que apuntan a una gobernanza, vinculados con temas como democracia, medio ambiente, cooperacin̤ y educacin̤, entre otros, seąlando ml︢tiples crisis a nivel global y del orden liberal internacional, que se reflejan en la encrucijada integracionista que atraviesa la regin̤. Se analizan tambiň estudios de caso en Colombia, Brasil y Venezuela. 
506 1 |a Disponible solo en los productos indicados  |d vLex Global  |d vLex Global (Academic Edition, excluding Law Schools)  |d vLex Global (U.S. Academic Edition, Law Schools)  |d vLex Global (U.S. Academic Edition, excluding Law Schools)  |d vLex Global (Academic Edition, Law Schools) 
650 0 4 |a Derecho Pb︢lico y Administrativo  |z Colombia 
700 1 |a Ardila, Martha 
740 0 |a vLex Libros (Servicio en ln̕ea) 
856 4 0 |u http://vlex.com/source/geopolitica-y-nuevos-actores-de-la-integracion-latinoamericana-31335  |z Acceso restringido 
942 |c BOOK 
999 0 |a Public and Administrative Law